00661 2200241 4500001002100000005001700021008004100038020002200079035002500101040001200126082001400138084001600152100002100168245008500189250001100274260003000285300002300315650001500338850001200353990001800365990001800383990001800401INLIS00000000001269520150914112600.0  a978-602-1275-03-0 a0010-091500000001208 aYOPDYOG 223a374.4 a374.4 Sib R aSIBURIAN, Tumpal aRahasia bimbel : Pintu masuk menembus sekolah dan PTN favoritc/ Tumpal Siburian aCet. 1 aDepokbPustaka Minac2014 a141 hlm.c; 23 cm. aPendidikan aYOPDYOG a22321-PD/B.15 a22322-PD/B.15 a22323-PD/B.15